| 000 | 00444nam a2200181Ia 4500 | ||
|---|---|---|---|
| 001 | 31971 | ||
| 003 | IN-NITTTR | ||
| 005 | 20251114233426.0 | ||
| 008 | 251113s9999||||xx |||||||||||||| ||eng|| | ||
| 040 | _beng | ||
| 040 | _cIN-NITTTR | ||
| 041 | _aeng | ||
| 082 | _a671.35 L96H | ||
| 100 | _aLuo, Xichun | ||
| 245 | 0 |
_aHybrid machining : _b theory, methods and case studies / _cLuo, Xichun, Qin, Yi |
|
| 700 | _a Qin, Yi | ||
| 942 |
_2ddc _cBK |
||
| 999 |
_c34601 _d34601 |
||